000 00640nam a2200193 i 4500
001 145736
003 ES-MaACL
005 20250602063232.0
007 t|
008 071016s1967 sp ||||1| spa d
100 1 _aVereiter, Karl von,
_d1918-1996
_9114070
245 1 0 _aDunkerque (la marcha de los vencidos) /
_cKarl von Vereiter ; [versión E. Sánchez Pascual].
260 _aBarcelona :
_bFerma,
_c[1967]
300 _a269 p., 16 h. de lám. ;
_c20 cm.
650 1 4 _aGuerra mundial, 1939-1945.
_913228
700 1 _aSánchez Pascual, Enrique.
_9102835
852 _aES-MaACL
_jC-33500
_bR.63984
999 _c145736
_d145736